000 00862nam a22003137a 4500
001 17046652
003 OSt
005 20140310182857.0
008 111116s2010 ph 000 1 tgl
010 _a 2011308496
020 _a9789710172443
040 _aDLC
_cDLC
042 _alcode
050 0 0 _aPL 6064.1
_b.R457 2010
082 _aFIL 899.2113
_b.R456u 2010
100 1 _aReyes, Edgar.
245 1 4 _aMga uod at rosas
_cReyes, Edgardo M.
260 _aQuezon City
_bC & E Pub.
_cc2010
300 _axvii, 183 p.
_c18 cm.
500 _aNovel.
521 _aCollege Students
526 _c1210L to 1700L
541 _j1
546 _aIn Tagalog.
562 _eFor Circulation. 1 Copy Available in the Collection
906 _a7
_bcbc
_corigode
_d4
_encip
_f20
_gy-gencatlg
942 _2lcc
_cBK
_kFIL
999 _c17052
_d17052